Responses for show #4942 - Tuesday, February 21, 2006

Contestants

Dom Nguyen, a freelance writer from Redwood City, California

Marah Eakin, a publicist from Brooklyn, New York

Paul Callaway, a software developer from Chicago, Illinois (whose 1-day cash winnings total $13,300)

Jeopardy! Round responses

AMERICAN AUTHORS
HE WAS IN THAT?
METROPOLITAN SOBRIQUETS
P.T. BARNUM
ORGANIZATIONS
LEADER OF THE "PACK"
    $200 17
(Joseph) Heller

Paul
    $200 12
Johnny Gilbert

Paul
    $200 1
Chicago

Dom
    $200 6
Bailey

Dom
    $200 24
Scrabble

Marah
    $200 2
Joe Six-Pack

Paul
    $400 18
(Alex: Who is the president who served two terms but was separated by one? [*] Cleveland.)

Grover

Triple Stumper
    $400 13
(Paul: What is From Here to Eternity?)
...
(Alex: Big movie. James Dean was in it also. [*].)

Giant

Paul
Triple Stumper
    $400 14
Salem

Dom
    $400 7
"There's a sucker born every minute"

Dom
    $400 25
the Society for the Prevention of Cruelty to Animals

Paul
    $400 3
the Green Bay Packers

Dom
    $600 19
E.B. White

Marah
    $600 21
(Jake) LaMotta

Paul
    $600 15
New Orleans

Marah
    $600 9
Connecticut

Paul
    $3,000 26
the Salvation Army

Paul
    $600 4
spackle

Paul
    $800 22
Faulkner

Dom
    $800 29
(Dom: What is [*]?)
(Alex: No. Nope. Marah?)
[Dom stares in disbelief.]
(Marah: What is [*]?)
(Alex: Yes, not Instincts. You put an "S" on the end of it, Dom. Sorry.)
[Dom was later awarded the value of the clue, as the producers checked the tape and determined Alex misheard him.]

Basic Instinct

MarahDom
    $800 16
(Dom: What is Baltimore?)

Annapolis

PaulDom
    $800 10
Tom Thumb

Marah
    $800 27
(Paul: What are battleships?)
(Dom: What are cruisers?)
...
(Alex: Smaller than a battleship, smaller than a cruiser, the small, fast [*].)

destroyers

PaulDom
Triple Stumper
    $800 5
a packrat

Marah
    $1000 23
Upton Sinclair

Paul
    $1000 30
Fiddler on the Roof

Marah
    $1000 20
Seattle

Triple Stumper
    $1000 11
Chang & Eng (the original Siamese twins)

Marah
    $1000 28
the Knights of Columbus

Triple Stumper
    $1000 8
a wolfpack

Dom

Scores at the first commercial break (after clue 15):

Paul Marah Dom
$1,200 $3,200 $2,600

Scores at the end of the Jeopardy! Round:

Paul Marah Dom
$6,400 $5,800 $2,600

Double Jeopardy! Round responses

INTERNATIONAL THRILLER
"WALK" INTO THE TOP 40
GOD SAVE THE QUEEN
FRENCH SAUCES
EARLY MAN
IN THE DICTIONARY
    $400 9
Queens

Paul
    $400 11
"Walking On Sunshine"

Paul
    $400 26
Isabella

Triple Stumper
    $400 18
velvet

Paul
    $400 6
Kenya

Dom
    $400 1
an onomatopoeia

Dom
    $800 10
(Marah: What is Cheops?)
(Paul: What is the Valley of the Kings?)

Giza

PaulMarah
Triple Stumper
    $800 12
"Walk Like A Man"

Dom
    $800 19
truffles

Paul
    $800 7
Neanderthal

Paul
    $800 2
a paean

Dom
    $1200 16
SFO

Dom
    $1200 13
"Walk On The Wild Side"

Marah
    $4,000 20
(Paul: What is... onion?)

(Seville) orange

Paul
    $1,200 8
(Paul: What is Tasmania?)
(Alex: No. What is [*]? [*] man.)

Java

Paul
    $1200 3
bowdlerize

Triple Stumper
    $1600 17
(Paul: What is Paris Match?)

the International Herald Tribune

Paul
Triple Stumper
    $1600 14
"Walk Of Life"

Paul
    $1600 21
hot-cold

Marah
    $1600 24
hominid

Triple Stumper
    $1600 4
ebullient

Dom
    $2000 23
(Alex: Less than a minute to go now, Paul.)

Piraeus

Triple Stumper
    $2000 15
"Walking In Memphis"

Marah
    $2000 27
[The end-of-round signal sounds.]

Queen Anne

Triple Stumper
    $2000 22
(Dom: What is Alfredo?)

b├ęchamel

PaulDom
    $2000 25
(Alex: And that would be the hole for [*]. Unfortunately, mine still faces back.)

the spinal column

Triple Stumper
    $2000 5
(Dom: What is... ohh!)

virago

Dom
Triple Stumper

Scores at the end of the Double Jeopardy! Round:

Paul Marah Dom
$5,200 $9,800 $3,800

[wagering suggestions for these scores]

Final Jeopardy! Round responses

FAMOUS PAINTERS
(Alex: A famous painter who painted in the realist manner.)
...
(Alex: The correct response was [*] who did all those great big paintings of Napoleon and the generals.)
DomWho was Manet?
$3,700
PaulWho was Renoir
$5,200
MarahWho is Monet
$1,000
Jacques-Louis David

Final scores:

Paul Marah Dom
$0 $8,800 $100
3rd place: $1,000 New champion: $8,800 2nd place: $2,000

Game dynamics:

Coryat scores:

Paul Marah Dom
$8,000 $9,800 $3,800
17 R
(including 1 DD),
6 W
(including 2 DDs)
11 R,
1 W
14 R,
4 W

Combined Coryat: $21,600

The J! Archive is created by fans, for fans. The Jeopardy! game show and all elements thereof, including but not limited to copyright and trademark thereto, are the property of Jeopardy Productions, Inc. and are protected under law. This website is not affiliated with, sponsored by, or operated by Jeopardy Productions, Inc. Join the discussion at JBoard.tv.